Quizzes
Events
Quiz Creation
Community
Videos
Private Events
Remove Ads
Sign In
Join for FREE
Feedback
Dark Mode
Quiz Categories
Sports
Geography
Music
Movies
Television
Just For Fun
Miscellaneous
History
Literature
Language
Science
Gaming
Entertainment
Religion
Holiday
For Kids
Quiz Lab
Recent
Popular Today
Quiz Kudos Today
Editor Picks
Curator Picks
Quizzes by...
Day
Popularity
Type
Ratings
Length
Year
Community
Subscriptions
Recent Discussions
Orange Saloon
Badges
Playlists
Quests
Create
Leaderboards
Showdown
Live 5
Trivia Bingo
Activity
Puzzle Library
Sporcle Events
Private Events
Virtual Trivia
Globe League
Become a Host
Pub Owners
SporcleCon
Opinionation
Our Games
Videos
Blog
Mobile Apps
Partnerships
Remove Ads and Go Orange
Feedback
Sports
Athletes
MLB
NBA
NHL
NFL
Soccer
Sports Teams
WWE
NCAA
Football
Premier League
Basketball
Baseball
Hockey
Golf
Tennis
Cricket
Rugby
Auto Racing
Olympics
World Cup
Sports
Athletes
MLB
NBA
NHL
NFL
Soccer
Sports Teams
WWE
NCAA
Football
Premier League
Basketball
Baseball
Hockey
Golf
Tennis
Cricket
Rugby
Auto Racing
Olympics
World Cup
Random Quiz
Search Sporcle
×
Quiz Lab
Quiz Lab
Sports
Baseball
Type in answers that appear in a list
Type in answers that appear in a list
Classic
Best Score? Go Orange.
Pilot/Brewer better than MVP/Cy Young Stats
Can you name the Seattle Pilots/Milwaukee Brewers Players who had Better rWAR than MVP or Cy Young award winner in the same season (see note)?
By
havamattan
10m
38 Questions
130 Plays
130 Plays
130 Plays
Comments
Comments
Give Quiz Kudos
Give Quiz Kudos
-
- Ratings
hide this ad
More Info
Replay
Link that replays current quiz
Next Quiz
Link to next quiz in quiz playlist
You Got
0%
They Got
Avg Score
44%
Avg Friend Score
Upgrade to see
Score Distribution
Jump to the score distribution portion of the page
Score
0/38
Timer
10:00
0
Plays Today
Hint
Answer
% Correct
AL MVP
Robin Yount
97.7%
AL MVP
Robin Yount
97.7%
AL MVP
Paul Molitor
93.8%
AL MVP
Paul Molitor
93.8%
AL MVP
Paul Molitor
93.8%
NL Cy Young
Ben Sheets
75.4%
AL MVP
Teddy Higuera
74.6%
AL Cy Young
Teddy Higuera
74.6%
AL MVP
Gorman Thomas
70.8%
NL MVP
Carlos Gomez
59.2%
AL MVP
George Scott
45.4%
AL MVP
Don Money
44.6%
AL MVP
Greg Vaughn
43.1%
AL MVP
Tommy Harper
42.3%
AL Cy Young
Mike Caldwell
40.8%
AL MVP
Jeff Cirillo
36.9%
AL MVP
Chris Bosio
34.6%
AL Cy Young
Moose Haas
34.6%
AL Cy Young
Moose Haas
34.6%
Hint
Answer
% Correct
AL Cy Young
Chris Bosio
34.6%
AL MVP
Pat Listach
33.8%
AL MVP
Sixto Lezcano
33.1%
AL MVP
Bill Wegman
33.1%
NL MVP
Bill Hall
33.1%
AL Cy Young
Bill Wegman
33.1%
AL MVP
John Jaha
31.5%
AL MVP
Cal Eldred
30%
AL Cy Young
Cal Eldred
30%
AL Cy Young
Cal Eldred
30%
AL MVP
Kevin Seitzer
23.1%
AL MVP
Jaime Navarro
20.8%
AL Cy Young
Jaime Navarro
20.8%
AL MVP
Darryl Hamilton
20%
AL Cy Young
Ken Sanders
19.2%
AL MVP
Jose Valentin
16.9%
AL Cy Young
Marty Pattin
16.9%
AL Cy Young
Ron Robinson
13.8%
AL MVP
Scott Fletcher
13.1%
Quiz Playlist
Details
Report
Send in Message
Add To Playlist
More Info:
Pitchers available for MVP award only in years when another pitcher won this award
Classic:
Type in answers that appear in a list
Last Updated: Feb 16, 2017
Quiz Scoreboard
CHALLENGE
Sign Up to Join the Scoreboard
Show All
Scores
Hide
Comments
May contain spoilers
Recently Published
An Introduction to Baseball
by treessimontrees
Sports
5m
Movies - When Are They Set?
by FPL_Elf
Movies
5m
Popular People in 1961
by mucciniale
History
6m
More to Explore
Quiz From the Vault
Featured Blog Post
Where Did the Easter Bunny Come From?
hide this ad
You Might Also Like...
Tags
Baseball Quiz
MLB Quiz
Brewer
Milwaukee
Milwaukee Brewers
Today's Top Quizzes in Sports
Browse Sports
hide this ad
Today's Top Quizzes in Baseball
Browse Baseball
Top Contributed Quizzes in Sports
1
Les meilleurs buteurs des matchs entre le PSG et l’OM
2
2022 World Cup Stars
3
FIFA Club World Cup Champions
4
Les entraîneurs de l'OM et du PSG au 21e siècle
5
Name the Premier League winners with different clubs
6
La finale Lions - Afrique du Sud 2021
7
Les joueurs passés par le LOSC et le RC Lens
8
Criteria MLB: Left Handed Sluggers
9
Players with Multiple 50 Home Run Seasons
10
5-to-1: UK Sports Teams
Explore More
Trending Topics
Marvel
Anime
Crossword
NBA
Kpop
Disney
Harry Potter
NFL
Country
Puzzle
Pokémon
WWE
Song
Soccer
The Office
hide this ad
More By:
havamattan
Quiz
Plays
Rating
Category
Featured
Created
HR Leaders of World Series Champs
10,600
4.76
Sports
Feb 19, 2017
First All-Black Lineup in MLB History
3,287
4.91
Sports
Jun 9, 2017
100 WAR Club (Minefield)
2,269
4.00
Sports
Mar 28, 2018
RBI Leader for every World Series Champion
1,784
4.75
Sports
Dec 12, 2017
WAR Leader for every World Series Champion
1,716
4.85
Sports
Dec 18, 2017
Go to Creator's Profile
Score Distribution
Quiz Creator Spotlight
havamattan
Follow
Send a Message
Quizzes Created
-
Created Quiz Play Count
-
More By This Creator
Popular Quizzes Today
1
Find the Countries of Europe - No Outlines Minefield
2
Find the US States - No Outlines Minefield
3
The Countries of the World
4
Popular People in 1961
5
US States
6
Find the US States
7
1-10 Letter E Words III
8
Risky Map Clicking: Biggest States A-Z
More Sports Quizzes
TinyGrid: MLB Hall of Famers pt. 6
Quiz Lab
Trending Quizzes
Risky Map Clicking: Least Populous States A-Z
1-10 Letter F Words
1-10 Letter G Words
One Thing in Common: United Kingdom
Risky Map Clicking: Next State Alphabetically
Recently Updated
Leaping Animals
pecheneg
Reality TV Shows (A-Z)
bhenderson79
Rickey Henderson's Hall of Fame Teammates
pecheneg
Champions League XIs: Arsenal
pecheneg
Quick Pick: Celebrities in WWE's Hall of Fame
aduchscher
A-Z Keypad Blitz II
pecheneg
Multiple Oscar Actors
pecheneg
Mystery Phrase Blitz: Oscar 'Best Actors'
pecheneg
F. Scott Fitzgerald Novels
LTH
Pick 3 Villains
ddd62291
Trending Topics
NBA
Anime
Marvel
Harry Potter
Crossword
Kpop
Disney
Puzzle
Pokémon
The Office
NFL
Country
Soccer
Song
WWE
Your Account Isn't Verified!
In order to create a playlist on Sporcle, you need to verify the email address you used during registration. Go to your
Sporcle Settings
to finish the process.
Report this User
Report this user for behavior that violates our
Community Guidelines
.
Details:
Send Report
Go to the Sporcle.com Mobile Site →
Comments